Table Tennis WTT Champions Winners - Statistics

General Stats
  • This quiz has been taken 73 times
  • The average score is 9 of 16
Answer Stats
# Country WTT Champions Winner % Correct
4 Wang Chuqin
96%
7 Sun Yingsha
89%
1 Félix Lebrun
82%
2 Lin Shidong
82%
2 Tomokazu Harimoto
79%
1 Truls Möregårdh
79%
2 Fan Zhendong
68%
3 Wang Manyu
61%
1 Liang Jingkun
39%
1 Sora Matsushima
39%
1 Xiang Peng
39%
1 Lin Yun-Ju
36%
3 Wang Yidi
36%
1 Chen Xingtong
32%
1 Satsuki Odo
25%
1 Hina Hayata
21%
No matching quizzes found
Score Distribution
Percent of People with Each Score
Percentile by Number Answered
Your Score History
You have not taken this quiz